| 000 | 00000nas 2200000zi 4500 |
| 001 | 9.950010 |
| 003 | CaOODSP |
| 005 | 20250410152227 |
| 006 | m o d f |
| 007 | cr cn |||||||| |
| 008 | 250410d20032003oncar p o f0 0fre|d |
| 022 | |y1484-8503 |
| 040 | |aCaOODSP|bfre|erda|cCaOODSP |
| 041 | 0 |aeng|afre |
| 043 | |an-cn--- |
| 086 | 1 |aNR1-1-PDF |
| 110 | 2 |aConseil national de recherches Canada.|eauteur, |eorganisme de publication. |
| 245 | 10|aNational Research Council Canada review : |bannual report highlights. |
| 246 | 15|aConseil national de recherches Canada, tour d'horizon : |brapport annuel, points saillants |
| 264 | 1|a[Ottawa] : |bNational Research Council of Canada = Conseil national de recherches Canada, |c[2003] |
| 310 | |aAnnuel |
| 336 | |atexte|btxt|2rdacontent/fre |
| 337 | |ainformatique|bc|2rdamedia/fre |
| 338 | |aressource en ligne|bcr|2rdacarrier/fre |
| 362 | 1 |aParaît depuis : 2002/2003; ne paraît plus après : 2002/2003. |
| 546 | |aTexte en anglais et en français. |
| 588 | |aDescription d'après : 2002/2003; titre de la page de titre du fichier PDF. |
| 588 | |aDernière livraison consultée : 2002/2003. |
| 610 | 26|aConseil national de recherches Canada|vPériodiques. |
| 650 | 6|aRecherche|zCanada|vPériodiques. |
| 650 | 6|aRecherche industrielle|zCanada|vPériodiques. |
| 655 | 7|aPériodiques|2rvmgf |
| 780 | 00|tRapport annuel / |w(CaOODSP)9.949986 |
| 785 | 00|tRapport annuel / |w(CaOODSP)9.503457 |
| 788 | |tNational Research Council Canada review : |eeng|w(CaOODSP)9.950011 |